000 00931nmm a2200301 a 4500
001 ocm000639685
003 TR-IsHL
005 20201028130259.0
008 130927s2009 tu tur
007 cr cn
020 _a9786054205042
035 _a639685
_b(N$T)
050 0 4 _aTK5105.8885
_b.G45 2009
090 0 4 _aTK5105.8885
_b.G45 2009
100 1 _aGelişken, Uğur
245 1 0 _a10 adımda web tasarımı
_h[electronic resource] /
_cUğur Gelişken
250 _a2. bs.
260 _aİstanbul :
_bKodlab Yayınevi,
_c2009
300 _a248 p.
650 4 _aBilgisayar
650 4 _aComputer Sciences
650 0 _aWeb siteleri
_xTasarım
650 0 _aWeb sites
_xDesign
650 0 _aWeb sitesi gelişimi
650 0 _aWeb site development
650 7 _aCOMPUTERS / Web / Site Directories
_2bisacsh
856 4 0 _uhttp://search.ebscohost.com/login.aspx?direct=true&scope=site&db=e011xww&AN=639685
999 _c3938
_d3938